Webster's instant word guide. (Record no. 2466)

MARC details
000 -LEADER
fixed length control field 00454cam a2200169 4500
001 - CONTROL NUMBER
control field 3065
005 - DATE AND TIME OF LATEST TRANSACTION
control field 20181127170419.0
008 - FIXED-LENGTH DATA ELEMENTS--GENERAL INFORMATION
fixed length control field 790823s1980 mau 000 0 eng
010 ## - LIBRARY OF CONGRESS CONTROL NUMBER
LC control number 79020748
020 ## - INTERNATIONAL STANDARD BOOK NUMBER
International Standard Book Number 0877792739
245 00 - TITLE STATEMENT
Title Webster's instant word guide.
260 ## - PUBLICATION, DISTRIBUTION, ETC.
Place of publication, distribution, etc. Springfield, Mass. :
Name of publisher, distributor, etc. G. & C. Merriam Co.,
Date of publication, distribution, etc. c1980.
300 ## - PHYSICAL DESCRIPTION
Extent 375 p. ;
Dimensions 15 cm.
650 #0 - SUBJECT ADDED ENTRY--TOPICAL TERM
Topical term or geographic name entry element Spellers.
710 2# - ADDED ENTRY--CORPORATE NAME
Corporate name or jurisdiction name as entry element G. & C. Merriam Company.
740 ## - ADDED ENTRY--UNCONTROLLED RELATED/ANALYTICAL TITLE
Uncontrolled related/analytical title Instant word guide.
Holdings
Withdrawn status Lost status Source of classification or shelving scheme Damaged status Not for loan Collection code Home library Current library Shelving location Serial Enumeration / chronology Inventory number Total Checkouts Full call number Barcode Date last seen Price effective from Koha item type
    Dewey Decimal Classification     Main TEST RTC Library RTC Library Main opac 1095   428.1 WEB 30003646 27/11/2018 27/11/2018 Main
Royal Thimphu College || All Right Reserved